Теоретические основы обучения математике в средней школе (Запись № 913335)

Подробности
000 -МАРКЕР
контрольное поле 02416nam0a2200373 4500
001 - ИДЕНТИФИКАТОР ЗАПИСИ
контрольное поле RU\NLR\bibl\464206
005 - ИДЕНТИФИКАТОР ВЕРСИИ
контрольное поле 20260409071349.0
010 ## - МЕЖДУНАРОДНЫЙ СТАНДАРТНЫЙ НОМЕР КНИГИ (ISBN)
Номер (ISBN) 5-85219-087-Х
Тираж 1000
021 ## - НОМЕР ГОСУДАРСТВЕННОЙ РЕГИСТРАЦИИ
Код страны Российская Федерация
Номер 2003-57082
Номер Листа государственной регистраци 2791
035 ## - ДРУГИЕ СИСТЕМНЫЕ НОМЕРА
Идентификатор записи (NLR Aleph) 000457587
100 ## - ДАННЫЕ ОБЩЕЙ ОБРАБОТКИ
Данные общей обработки 20031124d2003 |||y0rusy50 ca
101 0# - ЯЗЫК РЕСУРСА
Язык текста, звукозаписи и т.д. русский
102 ## - СТРАНА ПУБЛИКАЦИИ ИЛИ ПРОИЗВОДСТВА
Страна публикации Российская Федерация
105 ## - ПОЛЕ КОДИРОВАННЫХ ДАННЫХ: ТЕКСТОВЫЕ МАТЕРИАЛЫ, МОНОГРАФИЧЕСКИЕ
Кодированные данные о монографическом текстовом документе a |||||||||
200 1# - ЗАГЛАВИЕ И СВЕДЕНИЯ ОБ ОТВЕТСТВЕННОСТИ
Основное заглавие Теоретические основы обучения математике в средней школе
Сведения, относящиеся к заглавию Учеб. пособие
-- Для студентов вузов, обучающихся по спец. 032100 - математика
Первые сведения об ответственности [Т.А. Иванова, Е.Н. Перевощикова, Т.П. Григорьева, Л.И. Кузнецова]
Последующие сведения об ответственности Под ред. Т.А. Ивановой
-- М-во образования Рос. Федерации, Нижегор. гос. пед. ун-т
210 ## - ПУБЛИКАЦИЯ, РАСПРОСТРАНЕНИЕ И ДР.
Место издания, распространения и т.д. Н.Новгород
Имя издателя, распространителя и т. д. НГПУ
Дата издания, распространения и т.д. 2003
215 ## - ФИЗИЧЕСКАЯ ХАРАКТЕРИСТИКА
Специфическое обозначение материала и объем 318 с.
Другие сведения о физической характеристике ил.
Размеры 20
300 ## - ОБЩИЕ ПРИМЕЧАНИЯ
Текст примечания Авт. указаны на обороте тит. л.
320 ## - ПРИМЕЧАНИЯ О НАЛИЧИИ В ДОКУМЕНТЕ БИБЛИОГРАФИИ / УКАЗАТЕЛЯ
Текст примечания Библиогр.: с. 312-316 (108 назв.)
606 0# - НАИМЕНОВАНИЕ ТЕМЫ КАК ПРЕДМЕТ
Наименование темы Математика
Формальный подзаголовок Руководства, пособия и т.п. для высшей школы
Тематический подзаголовок Методика преподавания
-- Средняя школа
Системный номер авторитетной/нормативной записи 933104
Идентификатор авторитетной/нормативной записи RU\NLR\auth\6625384
606 ## - НАИМЕНОВАНИЕ ТЕМЫ КАК ПРЕДМЕТ
Наименование темы Математика
Тематический подзаголовок Преподавание
-- Средняя школа
Формальный подзаголовок Учебные издания для высших учебных заведений
Идентификатор авторитетной/нормативной записи RU\NLR\auth\66662481
Системный номер авторитетной/нормативной записи 1523244
686 ## - ИНДЕКСЫ ДРУГИХ КЛАССИФИКАЦИЙ
Индекс Ч426.24-2
701 #1 - ИМЯ ЛИЦА - АЛЬТЕРНАТИВНАЯ ОТВЕТСТВЕННОСТЬ
Код отношения Редактор
Материалы, к которым относится поле rus
Графика поля Кириллица
Начальный элемент ввода Иванова
Часть имени, кроме начального элемента ввода Т. А.
Дополнения к именам, кроме дат д-р пед. наук, математика
Даты 1941-
Расширение инициалов личного имени Тамара Алексеевна
Идентификатор авторитетной/нормативной записи RU\NLR\AUTH\7735832
Системный номер авторитетной/нормативной записи 18827
701 #1 - ИМЯ ЛИЦА - АЛЬТЕРНАТИВНАЯ ОТВЕТСТВЕННОСТЬ
Начальный элемент ввода Перевощикова
Часть имени, кроме начального элемента ввода Е. Н.
Расширение инициалов личного имени Елена Николаевна
Код отношения Автор
701 #1 - ИМЯ ЛИЦА - АЛЬТЕРНАТИВНАЯ ОТВЕТСТВЕННОСТЬ
Код отношения Автор
Материалы, к которым относится поле rus
Графика поля Кириллица
Начальный элемент ввода Григорьева
Часть имени, кроме начального элемента ввода Т. П.
Дополнения к именам, кроме дат канд. пед. наук
Расширение инициалов личного имени Татьяна Петровна
Идентификатор авторитетной/нормативной записи RU\NLR\auth\7786325
Системный номер авторитетной/нормативной записи 69253
701 #1 - ИМЯ ЛИЦА - АЛЬТЕРНАТИВНАЯ ОТВЕТСТВЕННОСТЬ
Код отношения Автор
Материалы, к которым относится поле rus
Графика поля Кириллица
Начальный элемент ввода Кузнецова
Часть имени, кроме начального элемента ввода Л. И.
Дополнения к именам, кроме дат канд. пед. наук
Расширение инициалов личного имени Лидия Ивановна
Идентификатор авторитетной/нормативной записи RU\NLR\auth\7786323
Системный номер авторитетной/нормативной записи 69251
712 02 - НАИМЕНОВАНИЕ ОРГАНИЗАЦИИ - ВТОРИЧНАЯ ОТВЕТСТВЕННОСТЬ
Код отношения Издающая организация
Начальный элемент ввода Нижегородский государственный педагогический университет
Идентификатор авторитетной/нормативной записи RU\NLR\AUTH\880618304
Системный номер авторитетной/нормативной записи 2653689
801 #0 - ИСТОЧНИК ЗАПИСИ
Страна Российская Федерация
Организация NLR
Дата составления 20031124
Правила каталогизации PSBO
801 #1 - ИСТОЧНИК ЗАПИСИ
Страна Российская Федерация
Организация NLR
Дата составления 20031124
942 ## - ДОПОЛНИТЕЛЬНЫЕ ЭЛЕМЕНТЫ ЗАПИСИ (АБИС)
Тип экземпляра АБИС Книга
980 ## - КОЛЛЕКЦИЯ
Название коллекции Национальная библиография
Экземпляры
Тип экземпляра Дата поступления Источник поступления Библиотека постоянного хранения Библиотека текущего хранения Место хранения Шифр хранения Штрих-код Статус экземпляра
Книга 24.11.2003 Обязательный экземпляр РНБ (Московский) РНБ (Московский) Русский книжный фонд: издания с 1957 года 2003-3/28714 593913  
Книга 24.11.2003 Обязательный экземпляр РНБ (Московский) РНБ (Московский) Русский книжный фонд: издания с 1957 года 2003-3/28714 593914